000 00842nam a22002297a 4500
005 20250623120510.0
008 250623b |||||||| |||| 00| 0 eng d
020 _a978-81-8299-489-8 (hbk)
037 _cTB
040 _aCRL
_cCRL
041 _2pun
_apun
084 _aO153,3:g R0
_qCRL
100 _aਕੌਰ, ਮਨਪ੍ਰੀਤ
_9814195
245 _aਭੰਵਰ- ਪਰਵਾਸ ਦੇ ਮਸਲੇ
260 _aਦਿੱਲੀ, ਭਾਰਤ:
_bਆਰਸੀ ਪਬਲਿਸ਼ਰ,
_c2020.
300 _a111 ਪ.
365 _b250.00
_cINR
650 _aਪੰਜਾਬੀ ਸਾਹਿਤ
650 _aਪੰਜਾਬੀ ਕਹਾਣੀ
942 _2CC
_cTB
_hO153,3:g R0
_n0
999 _c1432764
_d1432764